[Event "Medellin Flores op 30th"]
[Site "Medellin"]
[Date "2023.08.05"]
[Round "5"]
[White "Garcia, Mario2"]
[Black "Acosta Nunez, Miguel Antonio"]
[Result "1-0"]
[WhiteElo "1342"]
[BlackElo "1709"]
[PlyCount "55"]
[EventDate "2023.08.03"]
[EventType "swiss"]
[EventRounds "9"]
[EventCountry "COL"]
[SourceTitle "EXT 2024"]
[Source "ChessBase"]
[SourceDate "2023.10.10"]
[SourceVersion "1"]
[SourceVersionDate "2023.10.10"]
[SourceQuality "1"]

1. e4 c5 2. Nf3 e6 3. c3 Qc7 4. d4 b6 5. Be3 Bb7 6. Bd3 d6 7. 0-0 Nd7 8. Nbd2 Be7 9. Qe2 a6 10. Rac1 Ngf6 11. Bf4 h6 12. e5 Nd5 13. Bg3 g5 14. Nc4 Nf4 15. Bxf4 gxf4 16. exd6 Bxd6 17. Be4 0-0-0 18. Bxb7+ Kxb7 19. Qe4+ Ka7 20. a4 Nf6 21. Qe2 Rhg8 22. b4 Be7 23. Nfe5 Qb7 24. f3 Nd5 25. bxc5 bxc5 26. Na5 Qc7 27. Nec6+ Ka8 28. Nxd8 1-0

[Event "Bogota El Tablazo op-B"]
[Site "Bogota"]
[Date "2022.06.25"]
[Round "3.5"]
[White "Mora Suarez, Juan Felipe"]
[Black "Acosta Nunez, Miguel Antonio"]
[Result "1-0"]
[WhiteElo "1903"]
[BlackElo "1708"]
[PlyCount "121"]
[EventDate "2022.06.24"]
[EventType "swiss"]
[EventRounds "7"]
[EventCountry "COL"]
[SourceTitle "EXT 2024"]
[Source "ChessBase"]
[SourceDate "2023.10.10"]
[SourceVersion "1"]
[SourceVersionDate "2023.10.10"]
[SourceQuality "1"]

1. d4 Nf6 2. Nf3 d5 3. c4 e6 4. g3 c5 5. cxd5 exd5 6. Bg2 Nc6 7. 0-0 c4 8. Nc3 Be7 9. Bg5 h6 10. Bf4 a6 11. Ne5 0-0 12. Nxc6 bxc6 13. Qc2 Nh5 14. Bd2 f5 15. b3 cxb3 16. axb3 Nf6 17. Na4 Bd7 18. Nc5 Bxc5 19. Qxc5 Ne4 20. Bxe4 fxe4 21. Ra3 Qe8 22. Bf4 Qh5 23. Qd6 Qh3 24. Be5 Rad8 25. Qg6 Rf7 26. b4 Bf5 27. Qxc6 Bg4 28. f3 exf3 29. exf3 Rc8 30. Qa4 Bd7 31. Qd1 Bb5 32. Rf2 Rc4 33. Qd2 Rf8 34. Ra1 Rfc8 35. Re1 Qh5 36. g4 Qg6 37. Qf4 Rxb4 38. Bd6 Rbc4 39. Bc5 Re8 40. Re5 Rxe5 41. Qxe5 Rc1+ 42. Kg2 Bc4 43. h4 Qb1 44. Qe6+ Kh7 45. Qf5+ Qxf5 46. gxf5 Kg8 47. Rb2 Bb5 48. Kg3 Kf7 49. Rb3 Kf6 50. Re3 Bc4 51. Kf4 Rh1 52. Re6+ Kf7 53. Re7+ Kg8 54. Kg3 Bd3 55. Rd7 Bc4 56. Bd6 a5 57. Be5 a4 58. Rxg7+ Kf8 59. Ra7 Ra1 60. Bd6+ Kg8 61. f6 1-0

[Event "Bogota Navidad op"]
[Site "Bogota"]
[Date "2019.12.06"]
[Round "3"]
[White "Ruiz, Alciguel"]
[Black "Acosta Nunez, Miguel Antonio"]
[Result "1-0"]
[WhiteElo "2199"]
[BlackElo "1741"]
[PlyCount "81"]
[EventDate "2019.12.05"]
[EventType "swiss"]
[EventRounds "7"]
[EventCountry "COL"]
[SourceTitle "CBM 193 Extra"]
[Source "ChessBase"]
[SourceDate "2020.01.31"]
[SourceVersion "1"]
[SourceVersionDate "2020.01.31"]
[SourceQuality "1"]

1. d4 d5 2. c4 e6 3. Nc3 Bb4 4. cxd5 Bxc3+ 5. bxc3 exd5 6. Nf3 Nf6 7. Ba3 Ne4 8. Qb3 c6 9. e3 b5 10. Bd3 Be6 11. 0-0 a5 12. Qc2 Nd6 13. Ne5 f6 14. Nf3 g6 15. Rfe1 Kf7 16. Nd2 f5 17. f3 Nc4 18. Nxc4 bxc4 19. Bf1 Nd7 20. e4 fxe4 21. fxe4 dxe4 22. Qxe4 Re8 23. Qxc6 Rc8 24. Qf3+ Nf6 25. Re5 Bd5 26. Qf4 Kg7 27. Rae1 Bf7 28. Be7 Qb6 29. Re6 Qxe6 30. Rxe6 Nh5 31. Qe5+ Kg8 32. Ra6 Ng7 33. g4 h5 34. h3 hxg4 35. hxg4 Rb8 36. d5 Rb7 37. d6 Be6 38. Rxa5 Bxg4 39. Bxc4+ Kh7 40. Rb5 Ra7 41. Qd4 1-0

[Event "Uniagraria AlphaZero op 2nd"]
[Site "Uniagraria"]
[Date "2019.11.09"]
[Round "2"]
[White "Acosta Nunez, Miguel Antonio"]
[Black "Sanchez Mesa, Sebastian"]
[Result "1-0"]
[WhiteElo "1741"]
[BlackElo "1411"]
[PlyCount "70"]
[EventDate "2019.11.08"]
[EventType "swiss"]
[EventRounds "7"]
[EventCountry "COL"]
[SourceTitle "CBM 193 Extra"]
[Source "ChessBase"]
[SourceDate "2020.01.31"]
[SourceVersion "1"]
[SourceVersionDate "2020.01.31"]
[SourceQuality "1"]

1. e4 e5 2. Nf3 Nc6 3. Bc4 Nf6 4. d3 Be7 5. 0-0 d6 6. h3 0-0 7. c3 Be6 8. Bxe6 fxe6 9. Qb3 d5 10. Qxb7 Qd7 11. Re1 Rab8 12. Qa6 Bd6 13. b4 Nh5 14. Be3 Nf4 15. Kh2 Be7 16. Nbd2 d4 17. Bxf4 exf4 18. cxd4 Bxb4 19. Re2 Bc3 20. Rc1 Nxd4 21. Nxd4 Bxd4 22. Nf3 Bb6 23. a4 Qd6 24. a5 Qa3 25. Qc4 Qxa5 26. Qxe6+ Kh8 27. Ne5 Rf6 28. Qe7 Rbf8 29. Nc4 Qa6 30. f3 R6f7 31. Qg5 Bd4 32. Qh5 Bf6 33. e5 Bd8 34. e6 Re7 35. Qe5 Ree8 1-0

[Event "Uniagraria AlphaZero op 2nd"]
[Site "Uniagraria"]
[Date "2019.11.08"]
[Round "1"]
[White "Ruiz Aguilar, Pablo Alexander"]
[Black "Acosta Nunez, Miguel Antonio"]
[Result "1-0"]
[WhiteElo "2224"]
[BlackElo "1741"]
[PlyCount "41"]
[EventDate "2019.11.08"]
[EventType "swiss"]
[EventRounds "7"]
[EventCountry "COL"]
[SourceTitle "CBM 193 Extra"]
[Source "ChessBase"]
[SourceDate "2020.01.31"]
[SourceVersion "1"]
[SourceVersionDate "2020.01.31"]
[SourceQuality "1"]

1. e4 c5 2. Nf3 e6 3. d4 cxd4 4. Nxd4 a6 5. Nc3 Qc7 6. Bd3 Nc6 7. Be3 Bd6 8. h3 Nf6 9. 0-0 b5 10. Kh1 h5 11. Bxb5 Nxd4 12. Bxd4 Bb4 13. Bd3 e5 14. Be3 Bxc3 15. bxc3 Qxc3 16. Rb1 Qa5 17. Qf3 Qxa2 18. Rb6 Qa5 19. Rxf6 gxf6 20. Qxf6 Rh7 21. Bb6 1-0

[Event "COL-chD"]
[Site "Bogota"]
[Date "2019.08.31"]
[Round "6"]
[White "Acosta Nunez, Miguel Antonio"]
[Black "Rojas Mendoza, Joun Sun"]
[Result "1-0"]
[WhiteElo "1775"]
[BlackElo "1685"]
[PlyCount "89"]
[EventDate "2019.08.28"]
[EventType "swiss"]
[EventRounds "7"]
[EventCountry "COL"]
[SourceTitle "EXT 2020"]
[Source "ChessBase"]
[SourceDate "2019.10.17"]
[SourceVersion "1"]
[SourceVersionDate "2019.10.17"]
[SourceQuality "1"]

1. e4 e6 2. d4 d5 3. Nd2 c5 4. Ne2 Nf6 5. e5 Nfd7 6. f4 cxd4 7. Nxd4 Nxe5 8. Nxe6 Bxe6 9. fxe5 Bc5 10. Nf3 Nc6 11. a3 0-0 12. Bd3 f6 13. exf6 Qxf6 14. c3 Ne5 15. Be2 Rae8 16. Kd2 Nxf3+ 17. gxf3 Qf4+ 18. Kc2 Bf5+ 19. Kb3 Qd6 20. Ka2 Qe6 21. Bb5 Re7 22. Bg5 d4+ 23. Qb3 Qxb3+ 24. Kxb3 Be6+ 25. Kc2 Rc7 26. Be2 Bf5+ 27. Kd2 d3 28. Bd1 Re8 29. Bb3+ Kf8 30. Rae1 Rcc8 31. Ba4 Rxe1 32. Rxe1 h6 33. Bh4 a6 34. Re5 Bh7 35. Bg3 Bd6 36. Re3 Rd8 37. Bb3 Be7 38. h4 g5 39. hxg5 Bxg5 40. f4 Be7 41. Bc4 h5 42. Re5 Bd6 43. Rxh5 Be4 44. Rh8+ Ke7 45. Bh4+ 1-0

[Event "Barquisimeto IRT op"]
[Site "Barquisimeto"]
[Date "2012.04.05"]
[Round "3"]
[White "Acosta Nunez, Miguel Antonio"]
[Black "Hernandez, Oscar"]
[Result "1-0"]
[WhiteElo "1815"]
[BlackElo "2081"]
[PlyCount "63"]
[EventDate "2012.04.04"]
[EventType "swiss"]
[EventRounds "9"]
[EventCountry "VEN"]
[SourceTitle "CBM 147 Extra"]
[Source "ChessBase"]
[SourceDate "2012.04.24"]
[SourceVersion "1"]
[SourceVersionDate "2012.04.24"]
[SourceQuality "1"]

1. e4 c5 2. Nf3 e6 3. d4 cxd4 4. Nxd4 a6 5. Bd3 Qc7 6. 0-0 Nf6 7. Kh1 Bc5 8. Be3 Qb6 9. c3 Qxb2 10. Nb3 Bxe3 11. fxe3 Nc6 12. Kg1 d5 13. Rf2 Qxf2+ 14. Kxf2 dxe4 15. Be2 0-0 16. N1d2 Ne5 17. h3 b6 18. a4 Rd8 19. Qc2 Bb7 20. a5 Nd3+ 21. Bxd3 exd3 22. Qb2 b5 23. Nd4 e5 24. N4f3 e4 25. Nd4 Bd5 26. g4 g6 27. Qb4 Rac8 28. Qe7 Kg7 29. Qe5 Re8 30. Qd6 Bb7 31. Rg1 Rxc3 32. Nf5+ 1-0